Television Quiz

Random Television or War Quiz

Beast Wars episodes Quiz Stats

 Plays Quiz not verified by Sporcle

Score 0/52 Timer 10:00
0 Plays Today
% Correct
Beast Wars (Part 1)
97.3%
Beast Wars (Part 2)
97.3%
Nemesis Part 1
92.3%
Nemesis Part 2
92.3%
Coming of the Fuzors (Part 1)
91%
Coming of the Fuzors (Part 2)
91%
Aftermath
88.7%
The Agenda (Part 1)
88.3%
The Agenda (Part 2)
88.3%
The Agenda (Part III)
88.3%
Transmutate
86.9%
Other Voices, Part 1
86%
Other Voices, Part 2
86%
Code of Hero
85.1%
Optimal Situation
83.3%
Other Visits (Part 1)
82%
Other Visits (Part 2)
82%
The Web
81.5%
The Spark
80.2%
Bad Spark
79.3%
A Better Mousetrap
77.9%
Double Dinobot
77.5%
Other Victories
77.5%
Chain of Command
77%
Maximal, No More
76.6%
Deep Metal
76.1%
% Correct
Feral Scream Part 1
75.7%
Feral Scream Part 2
75.7%
Victory
73.9%
Crossing the Rubicon
73.9%
Master Blaster
73.9%
Spider's Game
73.4%
Power Surge
73%
Double Jeopardy
71.2%
Dark Voyage
71.2%
Before the Storm
71.2%
Tangled Web
71.2%
The Probe
70.7%
The Trigger, Part 1
70.7%
The Trigger, Part 2
70.7%
Changing of the Guard
70.7%
Fallen Comrades
68.9%
The Low Road
68.5%
Call of the Wild
68%
Gorilla Warfare
66.2%
Dark Designs
61.7%
Go with the Flow
61.7%
Law of the Jungle
58.1%
Possession
57.7%
Equal Measures
55.4%
Proving Grounds
55.4%
Cutting Edge
47.7%

You're not logged in!

Compare scores with friends on all Sporcle quizzes.
OR
Log In

Show Comments

Extras

Top Quizzes Today


Score Distribution

Your Account Isn't Verified!

In order to create a playlist on Sporcle, you need to verify the email address you used during registration. Go to your Sporcle Settings to finish the process.

Report this User

Report this user for behavior that violates our Community Guidelines.

Details: